| 000 | 00000nam##2200000za#4500 |
| 001 | 9.601932 |
| 003 | CaOODSP |
| 005 | 20210624210319 |
| 007 | cr ||||||||||| |
| 008 | 150406|1998||||xxc|||||o f|0| 0 fre|d |
| 040 | |aCaOODSP|bfre |
| 043 | |an-cn--- |
| 086 | 1 |aTU3-5/98-30F-PDF |
| 110 | 2 |aBureau de la sécurité des transports du Canada. |
| 245 | 10|aPerte d'espacement entre le Boeing 747-400 d'Air Canada C-GAGN et l'Airbus A340 d'Air France F-GLZL au-dessus de l'Atlantique Nord 125 nm au sud de St. John's (Terre-Neuve), le 20 juillet 1998 |h[ressource électronique] |
| 260 | |aGatineau - Québec : |bBureau de la sécurité des transports du Canada |c[1999]. |
| 300 | |a19p.|bfigures, glossaire, tableaux |
| 490 | 1 |aRapport d'enquête aéronautique |vA98H0002 |
| 500 | |a«La publication de ce rapport a été autorisée le 29 septembre 1999 par le Bureau»--p.17 de 19. |
| 590 | |a12-18-Supp|b2012-04-25 |
| 775 | 08|tLoss of separation between Air Canada Boeing 747-400 C-GAGN and Air France Airbus A340 F-GLZL, North Atlantic, St. John's, Newfoundland 125 nm S, 20 July 1998 |w(CaOODSP)9.571317 |
| 830 | #0|aRapport d'enquête aéronautique ;|vA98H0002|w(CaOODSP)9.501229 |
| 856 | 40|ahttp://publications.gc.ca|qPDF|s239 Ko|uhttps://publications.gc.ca/collections/collection_2011/bst-tsb/TU3-5-98-30-fra.pdf|yA98H0002 |